Active statistics: Stories, Games problems, and hand-on demonstrations for applied regression and causal inference (Record no. 1312940)

MARC details
000 -LEADER
fixed length control field 01072nam a2200229 4500
005 - DATE AND TIME OF LATEST TRANSACTION
control field 20250507100915.0
008 - FIXED-LENGTH DATA ELEMENTS--GENERAL INFORMATION
fixed length control field 250507b |||||||| |||| 00| 0 eng d
020 ## - INTERNATIONAL STANDARD BOOK NUMBER
International Standard Book Number 9781009436212
037 ## - SOURCE OF ACQUISITION
Terms of availability Textual
040 ## - CATALOGING SOURCE
Original cataloging agency RTL
Transcribing agency RTL
084 ## - COLON CLASSIFICATION NUMBER
Classification number B28 R4
Assigning agency RTL
100 ## - MAIN ENTRY--PERSONAL NAME
Personal name Gelman, Andrew
245 ## - TITLE STATEMENT
Title Active statistics: Stories, Games problems, and hand-on demonstrations for applied regression and causal inference
260 ## - PUBLICATION, DISTRIBUTION, ETC.
Place of publication, distribution, etc. New York
Name of publisher, distributor, etc. Cambridge university press
Date of publication, distribution, etc. 2024
300 ## - PHYSICAL DESCRIPTION
Extent vii, 361 p.
Other physical details Includes bibliographical reference and index
520 ## - SUMMARY, ETC.
Summary, etc. Applied regression and causal inference are central to statistics and data science. This book provides a large collection of stories, with hands-on activities, demonstrations, and problems that bring the subject to life and which facilitate group work and active student participation.<br/>
650 ## - SUBJECT ADDED ENTRY--TOPICAL TERM
Topical term or geographic name entry element Statistics study and teaching
9 (RLIN) 754875
650 ## - SUBJECT ADDED ENTRY--TOPICAL TERM
Topical term or geographic name entry element Mathematical statistics
650 ## - SUBJECT ADDED ENTRY--TOPICAL TERM
Topical term or geographic name entry element Active learning
9 (RLIN) 754876
700 ## - ADDED ENTRY--PERSONAL NAME
Personal name Vehtari, Aki
Relator term Co-author
9 (RLIN) 754877
942 ## - ADDED ENTRY ELEMENTS (KOHA)
Source of classification or shelving scheme Colon Classification (CC)
Suppress in OPAC No
Koha item type Textbook
Classification part B28 R4
Holdings
Withdrawn status Lost status Source of classification or shelving scheme Damaged status Not for loan Home library Current library Date acquired Total Checkouts Full call number Barcode Date last seen Price effective from Koha item type
    Colon Classification (CC)     Ratan Tata Library Ratan Tata Library 2025-05-07   B28 R4 RT1528383 2025-05-07 2025-05-07 Textbook
Copyright @ Delhi University Library System